शासकीय सेवेतील माझे दिवस / (Record no. 68128)

MARC details
000 -LEADER
fixed length control field 01096nam a22002417a 4500
005 - DATE AND TIME OF LATEST TRANSACTION
control field 20120614170415.0
008 - FIXED-LENGTH DATA ELEMENTS--GENERAL INFORMATION
fixed length control field 081007t xxu||||| |||| 00| 0 mar d
010 ## - LCCN (DPL NO)
LC control number MAR-22231
020 ## - INTERNATIONAL STANDARD BOOK NUMBER
Terms of availability 150.00
International Standard Book Number 8189634518
035 ## - SYSTEM CONTROL NUMBER
System control number MR-14889
037 ## - SOURCE OF ACQUISITION
Source of stock number/acquisition D.B.Act /pub
082 ## - DEWEY DECIMAL CLASSIFICATION NUMBER
Classification number 921
100 ## - MAIN ENTRY--PERSONAL NAME
Personal name इर्लेकर, यशवंत बळवंत
9 (RLIN) 49115
245 ## - TITLE STATEMENT
Title शासकीय सेवेतील माझे दिवस /
Statement of responsibility, etc यशवंत बळवंत इर्लेकर
246 ## - VARYING FORM OF TITLE
Title proper/short title Shaskiya Sevetale Majhe Divas
Remainder of title by Yashwant Balwant Irlekar
260 ## - PUBLICATION, DISTRIBUTION, ETC. (IMPRINT)
Place of publication, distribution, etc पुणे
Name of publisher, distributor, etc स्नेहवर्धन प्रकाशन
Date of publication, distribution, etc 2008
270 ## - ADDRESS
City पुणे
Address 863,सदाशिव पेठ
Postal code 411030
300 ## - PHYSICAL DESCRIPTION
Extent 158पृ
Dimensions 22सेमी (अजिल्द)
650 ## - SUBJECT ADDED ENTRY--TOPICAL TERM
Topical term or geographic name as entry element आत्मचरित्र
9 (RLIN) 49453
650 ## - SUBJECT ADDED ENTRY--TOPICAL TERM
Topical term or geographic name as entry element Autobiography
9 (RLIN) 49454
942 ## - ADDED ENTRY ELEMENTS (KOHA)
Source of classification or shelving scheme Dewey Decimal Classification
Item type Marathi Books
Call number suffix इर्लेक
Classification part 921
Holdings
Withdrawn status Lost status Source of classification or shelving scheme Damaged status Not for loan Collection code Home library Current library Date acquired Source of acquisition Cost, normal purchase price Total Checkouts Full call number Barcode Date last seen Copy number Cost, replacement price Koha item type
    Dewey Decimal Classification   Not For Loan Non-fiction D.B.Act.Division D.B.Act.Division 22/06/2012 DBAB / PUB 160.00   921 इर्लेक MR-14889 22/06/2012 1 160.00 Marathi Books

© Delhi Public Library
Hit Counter
free hit counter